000 01001nac a22003377a 4500
001 BR0703705
003 BR-BrBNA
005 20240105123430.0
008 230509b bl.|||m| |||| 00| 0 por d
040 _aBR-BrBNA
_bpor
_cBiblioteca Nacional de Agricultura
072 _aF30; H20
090 _a1112 BR0703705
100 1 _aSiviero. A.
100 1 _aOliveira, T.K. de
100 1 _aPereira, J.E.S.
100 1 _aSá, C.P. de
100 1 _aSilva, S. de O.
110 1 _aEMBRAPA Acre, Rio Branco (Brasil)
245 1 _aCultivares de banana resistentes à sigatoka-negra recomendadas para o Acre
260 3 _aRio Branco, AC (Brasil):
_c2006.
300 _a8 p.
490 _aComunicado Técnico - EMBRAPA Acre (Brazil)
_vno. 49
_xISSN 0100-9915
500 _a7 ref.; 9 illus
650 _aBANANA
650 _aSIGATOKA NEGRA
650 _aFUNGO
650 _aVARIEDADE RESISTENTE
650 _aACRE
909 _a202312
_bLúcia Elande
_c55
_dLúcia Elande
942 _2AGRIS
_n0
_cMS
999 _c295417
_d295417